| 000 | 00417nam a2200157 i 4500 | ||
|---|---|---|---|
| 001 | 33547 | ||
| 003 | ES-MaACL | ||
| 005 | 20230906154757.0 | ||
| 007 | t| | ||
| 008 | 030202s1964 sp ||||1| spa d | ||
| 100 | 1 |
_aBigorra, Rafael. _928850 |
|
| 245 | 1 | 3 |
_aLa jungla del Seny / _cRafael Bigorra. |
| 260 |
_aPalma de Mallorca : _bMoll, _c[1964] |
||
| 300 |
_a124 p. ; _c15 cm. |
||
| 852 |
_aES-MaACL _jC-26131 _bR.54740 |
||
| 999 |
_c33547 _d33547 |
||